000 00600nam a2200181 4500
005 20260506125647.0
008 260506b |||||||| |||| 00| 0 eng d
020 _a9780792379133
_qhbk
041 _aeng
082 _a341.245 THO
100 _aThomas,Christopher R.
245 _aRegionalism Versus Multilateralism:
_bThe Organization of American States in a Global Changing Environment
_c/ BY Christopher R. Thomas;
260 _aUnited States of America
_bKluwer Academic Publisher
_c2000
300 _a173p. :
_c25cm.
504 _aBib and Ref
650 _aLaw of nations
942 _cENGLISH
999 _c622645
_d622645